<?xml version="1.0" encoding="UTF-8"?>
<record
    xmlns:xsi="http://www.w3.org/2001/XMLSchema-instance"
    xsi:schemaLocation="http://www.loc.gov/MARC21/slim http://www.loc.gov/standards/marcxml/schema/MARC21slim.xsd"
    xmlns="http://www.loc.gov/MARC21/slim">

  <leader>01267nam0a22002411  4500</leader>
  <controlfield tag="001">rc\3825291</controlfield>
  <controlfield tag="005">20260407130948.0</controlfield>
  <datafield tag="021" ind1=" " ind2=" ">
    <subfield code="a">RU</subfield>
    <subfield code="b">&#x420;&#x433;8498-76</subfield>
  </datafield>
  <datafield tag="035" ind1=" " ind2=" ">
    <subfield code="a">(NLR Aleph) 007273012</subfield>
  </datafield>
  <datafield tag="090" ind1=" " ind2=" ">
    <subfield code="a">5429552</subfield>
    <subfield code="c">5429552</subfield>
  </datafield>
  <datafield tag="100" ind1=" " ind2=" ">
    <subfield code="a">20120410d1976    |||y0rusy50      ca</subfield>
  </datafield>
  <datafield tag="101" ind1="0" ind2=" ">
    <subfield code="a">rus</subfield>
  </datafield>
  <datafield tag="102" ind1=" " ind2=" ">
    <subfield code="a">RU</subfield>
    <subfield code="a">RU</subfield>
  </datafield>
  <datafield tag="105" ind1=" " ind2=" ">
    <subfield code="a">a   bc  |||||</subfield>
  </datafield>
  <datafield tag="200" ind1="1" ind2=" ">
    <subfield code="a">&#x423;&#x43A;&#x430;&#x437;&#x430;&#x43D;&#x438;&#x44F; &#x43F;&#x43E; &#x43C;&#x43E;&#x43D;&#x442;&#x430;&#x436;&#x443; 16-&#x44D;&#x442;&#x430;&#x436;&#x43D;&#x44B;&#x445; &#x43A;&#x440;&#x443;&#x43F;&#x43D;&#x43E;&#x43F;&#x430;&#x43D;&#x435;&#x43B;&#x44C;&#x43D;&#x44B;&#x445; &#x436;&#x438;&#x43B;&#x44B;&#x445; &#x434;&#x43E;&#x43C;&#x43E;&#x432; &#x438;&#x437; &#x443;&#x43D;&#x438;&#x444;&#x438;&#x446;&#x438;&#x440;&#x43E;&#x432;&#x430;&#x43D;&#x43D;&#x44B;&#x445; &#x438;&#x437;&#x434;&#x435;&#x43B;&#x438;&#x439; &#x415;&#x434;&#x438;&#x43D;&#x43E;&#x433;&#x43E; &#x43A;&#x430;&#x442;&#x430;&#x43B;&#x43E;&#x433;&#x430; &#x441;&#x435;&#x440;&#x438;&#x439; &#x41F;3/16, &#x41F;22/16 &#x438; &#x41F;/23/16, &#x432;&#x43E;&#x437;&#x432;&#x43E;&#x434;&#x438;&#x43C;&#x44B;&#x445; &#x414;&#x421;&#x41A;-3, &#x412;&#x421;&#x41D;-105-75</subfield>
    <subfield code="e">[&#x421;&#x440;&#x43E;&#x43A; &#x432;&#x432;&#x435;&#x434;. 10/VI 1975 &#x433;.]</subfield>
    <subfield code="f">&#x413;&#x43B;. &#x443;&#x43F;&#x440;. &#x43F;&#x43E; &#x436;&#x438;&#x43B;. &#x438; &#x433;&#x440;&#x430;&#x436;&#x434;. &#x441;&#x442;&#x440;-&#x432;&#x443; &#x432; &#x433;. &#x41C;&#x43E;&#x441;&#x43A;&#x432;&#x435;. &#x413;&#x43B;&#x430;&#x432;&#x43C;&#x43E;&#x441;&#x441;&#x442;&#x440;&#x43E;&#x439; &#x43F;&#x440;&#x438; &#x41C;&#x43E;&#x441;&#x433;&#x43E;&#x440;&#x438;&#x441;&#x43F;&#x43E;&#x43B;&#x43A;&#x43E;&#x43C;&#x435;. &#x422;&#x435;&#x445;&#x43D;. &#x443;&#x43F;&#x440;.</subfield>
  </datafield>
  <datafield tag="210" ind1=" " ind2=" ">
    <subfield code="a">&#x41C;&#x43E;&#x441;&#x43A;&#x432;&#x430;</subfield>
    <subfield code="c">&#x41C;&#x43E;&#x441;&#x43E;&#x440;&#x433;&#x441;&#x442;&#x440;&#x43E;&#x439;</subfield>
    <subfield code="d">1976</subfield>
  </datafield>
  <datafield tag="215" ind1=" " ind2=" ">
    <subfield code="a">113 &#x441;.</subfield>
    <subfield code="c">&#x447;&#x435;&#x440;&#x442;.</subfield>
    <subfield code="d">21</subfield>
  </datafield>
  <datafield tag="712" ind1="0" ind2="2">
    <subfield code="a">&#x41C;&#x43E;&#x441;&#x43A;&#x43E;&#x432;&#x441;&#x43A;&#x43E;&#x435; &#x433;&#x43B;&#x430;&#x432;&#x43D;&#x43E;&#x435; &#x443;&#x43F;&#x440;&#x430;&#x432;&#x43B;&#x435;&#x43D;&#x438;&#x435; &#x43F;&#x43E; &#x436;&#x438;&#x43B;&#x438;&#x449;&#x43D;&#x43E;&#x43C;&#x443; &#x438; &#x433;&#x440;&#x430;&#x436;&#x434;&#x430;&#x43D;&#x441;&#x43A;&#x43E;&#x43C;&#x443; &#x441;&#x442;&#x440;&#x43E;&#x438;&#x442;&#x435;&#x43B;&#x44C;&#x441;&#x442;&#x432;&#x443;</subfield>
    <subfield code="b">&#x422;&#x435;&#x445;&#x43D;&#x438;&#x447;&#x435;&#x441;&#x43A;&#x43E;&#x435; &#x443;&#x43F;&#x440;&#x430;&#x432;&#x43B;&#x435;&#x43D;&#x438;&#x435;</subfield>
    <subfield code="3">RU\NLR\AUTH\889980105</subfield>
    <subfield code="9">456499</subfield>
  </datafield>
  <datafield tag="801" ind1=" " ind2="0">
    <subfield code="a">RU</subfield>
    <subfield code="b">NLR</subfield>
    <subfield code="g">psbo</subfield>
  </datafield>
  <datafield tag="801" ind1=" " ind2="1">
    <subfield code="a">RU</subfield>
    <subfield code="b">ELAR</subfield>
    <subfield code="2">rusmarc</subfield>
  </datafield>
  <datafield tag="852" ind1=" " ind2=" ">
    <subfield code="a">NLR</subfield>
    <subfield code="j">&#x41F;&#x442; 80/117-105-75</subfield>
  </datafield>
  <datafield tag="942" ind1=" " ind2=" ">
    <subfield code="c">BOOK</subfield>
  </datafield>
  <datafield tag="980" ind1=" " ind2=" ">
    <subfield code="a">NB</subfield>
  </datafield>
  <datafield tag="995" ind1=" " ind2=" ">
    <subfield code="5">2013-10-26</subfield>
    <subfield code="b">NLR01</subfield>
    <subfield code="c">NLR01</subfield>
    <subfield code="e">NTD</subfield>
    <subfield code="f">7273012-10</subfield>
    <subfield code="k">&#x41F;&#x442; 80/117-105-75</subfield>
    <subfield code="o">0</subfield>
    <subfield code="r">BOOK</subfield>
    <subfield code="s">_8011710575</subfield>
  </datafield>
</record>
